|
|
|
|
| LEADER |
00963nam a2200193 a 4500 |
| 008 |
091227r1998 ii a b 000 0 eng d |
| 040 |
|
|
|a BD-DhAAL
|c BD-DhAAL
|
| 082 |
0 |
0 |
|a 301/.0954
|2 21
|
| 100 |
1 |
|
|a Sharma, R. N.
|
| 245 |
1 |
0 |
|a Social and cultural anthropology /
|c R. N. Sharma.
|
| 260 |
|
|
|a New Delhi :
|b Surjeet Publications,
|c 1998 [reprinted].
|
| 300 |
|
|
|a vi, 366 p. :
|b ill. ;
|c 22 cm.
|
| 504 |
|
|
|a Includes bibliographical referencial references.
|
| 541 |
1 |
|
|e 00010304
|
| 650 |
|
0 |
|a Anthropology
|z India.
|
| 852 |
4 |
|
|a Ayesha Abed Library
|j General shelf
|
| 999 |
|
|
|c 6454
|d 6454
|
| 952 |
|
|
|0 0
|1 0
|2 ddc
|4 0
|6 301_095400000000000_SHA_1998
|7 0
|9 6535
|a BRACUL
|b BRACUL
|c GEN
|d 2009-12-27
|g 0.00
|l 2
|m 15
|o 301.0954 SHA
|p 3010010304
|r 2013-05-11
|s 2013-01-23
|t 1
|w 2009-12-27
|y BK
|x No price found in the accession register.
|
| 952 |
|
|
|0 0
|1 0
|2 ddc
|4 0
|6 301_095400000000000_SHA_1998
|7 0
|9 8007
|a BRACUL
|b BRACUL
|c GEN
|d 2010-02-10
|l 3
|m 16
|o 301.0954 SHA
|p 3010010795
|r 2025-09-04
|s 2025-01-19
|t 2
|w 2010-02-10
|y BK
|